Rozkošnice : novely /

Hlavní autor: Grmela, Jan, 1895-1957
Jazyk: Čeština
Vydáno: V Praze : Československá grafická Unie, 1934
Fyzický popis: 109 - [I] s. ; 4°
Knihy
Uloženo v:
LEADER 00711nam a22002172a 4500
001 000896995
003 CZ BrMZK
005 20080514134504.0
007 ta
008 080514s1934 xr er|||||||||||cze d
015 |a cnb000943239 
035 |a (OCoLC)85523073 
040 |a ABA001  |b cze  |c OLA001  |d ABA001 
100 1 |a Grmela, Jan,  |d 1895-1957  |7 jk01032684  |4 aut 
245 1 0 |a Rozkošnice :  |b novely /  |c Jan Grmela ; [kresbami doprovází Jaroslav Veris ...] 
260 |a V Praze :  |b Československá grafická Unie,  |c 1934 
300 |a 109 - [I] s. ;  |c 4° 
910 |a BOA001  |b 4-0148.568 
990 |a BK 
991 |b 200805 
996 7 |b 2619252749  |c 4-0148.568  |l MZK  |r Sklad / do 24 hodin  |n 2  |w 000896995  |u 000010  |a 1  |e BOA001  |j MZK50  |s A